header

Energy and sustainable development in Mexico (Record no. 79345)

MARC details
000 -LEADER
fixed length control field 01574nam a2200385Ia 4500
100 1# - MAIN ENTRY--AUTHOR NAME
Personal name Moroney, John R.
245 10 - TITLE STATEMENT
Title Energy and sustainable development in Mexico
250 ## - EDITION STATEMENT
Edition statement 1st ed.
260 ## - PUBLICATION, DISTRIBUTION, ETC. (IMPRINT)
Place of publication College Station :
Name of publisher Texas A&M University Press,
Year of publication c2005.
300 ## - PHYSICAL DESCRIPTION
Number of Pages ix, 142 p.
490 1# - SERIES STATEMENT
Series statement Texas A & M University economics series ;
650 #0 - SUBJECT ADDED ENTRY--TOPICAL TERM
Topical Term Energy development
Topical Term Energy policy
Topical Term Sustainable development
Topical Term Petroleum
Topical Term Natural gas
700 1# - ADDED ENTRY--PERSONAL NAME
Personal name Dieck-Assad, Flory,
856 40 - ELECTRONIC LOCATION AND ACCESS
Uniform Resource Identifier http://site.ebrary.com/lib/rucke/Doc?id=10411770

No items available.

© 2026 Rongo University
Contact us: librarian | system librarian | Rongo university